|
|
|
|
| LEADER |
00000nam a2200000 a 4500 |
| 001 |
vtls001449751 |
| 003 |
SK-MaSNL |
| 005 |
20260301121335.0 |
| 008 |
180216sm y0 xo ab r 0 slo |
| 015 |
|
|
|a SNBA2003/04-01240
|
| 020 |
|
|
|a 8022716979
|
| 035 |
|
|
|a SNK000405033
|
| 035 |
|
|
|a urn:nbn:sk:snk-amyh1f
|
| 035 |
|
|
|a urn:nbn:sk:snk-am00cjui
|
| 035 |
|
|
|a 1F445420-6F52-439C-BCF8-35383E3DB46E
|
| 040 |
|
|
|a SNK
|b slo
|c SNK
|e AACR2
|
| 041 |
0 |
|
|a slo
|
| 044 |
|
|
|a xo
|c SK
|
| 080 |
|
|
|a 502(075.8)
|2 1997
|
| 080 |
|
|
|a 574(075.8)
|2 1997
|
| 245 |
0 |
0 |
|a Environmentálne inžinierstvo
|c Oskár Čermák ... [et al.]
|
| 250 |
|
|
|a 1. vyd.
|
| 260 |
|
|
|a V Bratislave
|b Slovenská technická univerzita
|c 2002
|
| 300 |
|
|
|a 258 s.
|b mp., sch., tab.
|c 29 cm
|
| 490 |
1 |
|
|a Edícia skrípt
|
| 500 |
|
|
|a 300 výt.
|
| 504 |
|
|
|a Bibliogr. s. 251-252
|
| 650 |
0 |
7 |
|a environmentálne inžinierstvo
|2 SNKPH
|9 67051
|
| 650 |
0 |
7 |
|a ekológia
|2 SNKPH
|9 785
|
| 650 |
0 |
7 |
|a ochrana životného prostredia
|2 SNKPH
|9 3352
|
| 655 |
|
7 |
|a učebnice vysokých škôl
|2 SNKPH
|9 70191
|
| 700 |
1 |
|
|a Čermák, Oskár,
|d 1939-
|4 aut
|9 201725
|
| 700 |
1 |
|
|a Barloková, Danica
|4 aut
|9 10876
|
| 700 |
1 |
|
|a Borišová, Edita
|4 aut
|9 465302
|
| 700 |
1 |
|
|a Hétharši, Július,
|d 1942-
|4 aut
|9 263228
|
| 700 |
1 |
|
|a Horanová, Ľubomíra
|4 aut
|9 8577
|
| 700 |
1 |
|
|a Ilavský, Ján,
|d 1958-
|4 aut
|9 213503
|
| 700 |
1 |
|
|a Jankovičová, Katarína
|4 aut
|9 425753
|
| 700 |
1 |
|
|a Škultétyová, Ivona,
|d 1960-
|4 aut
|9 206912
|
| 752 |
|
|
|d Bratislava
|
| 810 |
2 |
|
|a Slovenská technická univerzita v Bratislave.
|b Stavebná fakulta
|t Edícia skrípt
|9 189967
|
| 919 |
|
|
|a 80-227-1697-9
|
| 958 |
0 |
7 |
|a NB
|
| 958 |
|
|
|a OND
|
| 968 |
|
|
|d 50
|
| 999 |
|
|
|c 729021
|d 730951
|
| 952 |
|
|
|t P60, <03>, [BOOK], {603}
|a SNK
|b SNK
|y PREZ
|7 0
|p 17A0375459
|o snkSB 66328
|i snkKSP 2460/2003
|0 0
|1 0
|4 0
|d 2003-02-20
|f 1
|l 0
|r 2025-04-17 00:00:00
|w 2026-02-23
|
| 952 |
|
|
|t P60, <04>, [BOOK], {604}
|a SNK
|b SNK
|y VYP
|7 0
|p 17A0375460
|o snkSB 66328 D1
|i snkKSP 2461/2003
|0 0
|1 0
|4 0
|d 2003-02-20
|l 0
|r 2005-01-02 00:00:00
|w 2026-02-23
|